Olympic Athletics Glory: Top Countries with Most Medals - Statistics

General Stats
  • This quiz has been taken 33 times
  • The average score is 15 of 20
Answer Stats
Hint Answer % Correct
265 Germany
97%
210 Great Britain
97%
827 United States
97%
70 France
94%
58 Russia
94%
66 Canada
90%
39 China
90%
65 Italy
87%
106 Kenya
87%
87 Jamaica
81%
58 Ethiopia
77%
193 Soviet Union
77%
76 Australia
74%
84 Sweden
74%
114 Finland
68%
66 Poland
65%
40 Hungary
55%
45 Cuba
52%
35 Romania
42%
30 Greece
39%
No matching quizzes found
Score Distribution
Percent of People with Each Score
Percentile by Number Answered
Your Score History
You have not taken this quiz